书目信息 |
| 题名: |
电真空物理
|
|
| 作者: | 魏杨 编 | |
| 分册: | ||
| 出版信息: | 北京 人民教育出版社 1961 |
|
| 页数: | 225页 | |
| 开本: | 20cm | |
| 丛书名: | ||
| 单 册: | ||
| 中图分类: | O46 | |
| 科图分类: | ||
| 主题词: | 真空电子学 , 电子物理学 | |
| 电子资源: | ||
| ISBN: | ||
| 000 | 00556nam0 2200217 450 | |
| 001 | 0655782037 | |
| 005 | 20060705154000.32 | |
| 010 | @dCNY0.70 | |
| 100 | @a20060705d1961 km y0chiy0120 ea | |
| 101 | 0 | @achi |
| 102 | @aCN@b110000 | |
| 200 | 1 | @a电真空物理@Adian zhen kong wu li@f魏杨编@Fwei yang bian |
| 210 | @a北京@c人民教育出版社@d1961 | |
| 215 | 1 | @a225页@d20cm |
| 300 | @a高等学校教学用书 | |
| 606 | 0 | @a真空电子学 |
| 606 | 0 | @a电子物理学 |
| 690 | @aO46@v4 | |
| 701 | 0 | @a魏杨@Awei yang@4编 |
| 801 | 0 | @aCN@bPFT@c20060705 |
| 905 | @a10447@dO46@e10 | |
| 电真空物理/魏杨编.-北京:人民教育出版社,1961 |
| 225页;20cm |
| 高等学校教学用书 |
| ISBN :CNY0.70 |
| ● |
| 相关链接 |
|
|
|
|
正题名:电真空物理
索取号:O46/10
 
预约/预借
| 序号 | 登录号 | 条形码 | 馆藏地/架位号 | 状态 | 备注 |
| 1 | 0016317 | 001454394 | 密集书库/ [索取号:O46/10] | 在馆 | |
| 2 | 0016318 | 001454456 | 密集书库/ [索取号:O46/10] | 在馆 |